1549 1469 1179 1695 1913 1233 1163 1176 1265 1520 1968 1247 1503 1908 1513 1148 1056 1383 1193 1895 1604 1539 1661 1127 1774 1398 1031 1695 1266 1115 1334 1840 1881 1627 1302 1180 1650 1673 1435 1237 1447 1952 1280 1013 1248 1324 1392 1974 1387 1347 1122 1594 1247 1082 1067 1892 1955 1994 1488 1781 1135 1320 1269 1800 1895 1345 1675 1788 1207 1604 1189 1788 1338 1379 1788 1563 1265 1451 1176 1191 1398 1087 1477 1994 1746 1958 1093 1080 1527 1257 1619 1238 1704 1420 1940 1952 1148 1409 1915 BCNSPRNW ULIB Ver.6.0+V

เปลี่ยนเป็นภาษาไทย

Change to English
 แสดงรายละเอียดบรรณานุกรม
  กลับหน้าหลัก

Brief Record : Get Marc (ISO 2709) : E-mail record : QR code < ปิดหน้าต่าง
LEADER : 00000nam 2200000uu 4500
001    13399110429
003     ULIB
008    110527s2550||||th 000 0 tha d
020    9789744140487
050  4 GN316^bน639ม 2550
100 0  นิยพรรณ (ผลวัฒนะ) วรรณศิริ
245 10 มานุษยวิทยาสังคมและวัฒนธรรม /^cนิยพรรณ (ผลวัฒนะ) วรรณศิริ
250    พิมพ์ครั้งที่ 1
260    กรุงเทพฯ :^bเอ็กซเปอร์เน็ท,^c2550
300    312 หน้า :^bภาพประกอบ ;^c26 ซม.
650  7 มานุษยวิทยา
650  7 สังคมและวัฒนธรรม
945    ^p260^l0^i18188
995    ทศพร
999    ^aใช้งานได้ทุกระบบ
รายการนี้ยังไม่มีแท็ก
คุณยังไม่ได้ล็อกอิน คุณสามารถมีกิจกรรมร่วมกับเว็บไซต์ได้ แต่ต้องล็อกอินก่อน ::
  ล็อกอิน

รายการสื่อสารสนเทศ

ลำดับที่ ประเภท เลขเรียก/บาร์โค้ด สถานที่ สถานะ
1. วิทยาศาสตร์การแพทย์ และสุขภาพ
วิทยาศาสตร์การแพทย์ และสุขภาพ
GN316 น639ม 2550  
  Barcode: 18188
ห้องสมุดวิทยาเขตสวรรค์ประชารักษ์
►นวนิยาย
บนชั้น
  ขอยืม

รายการใกล้เคียง
    ผู้แต่ง [นิยพรรณ (ผลวัฒนะ) วรรณศิริ]

    หัวเรื่อง [มานุษยวิทยา]
    หัวเรื่อง [สังคมและวัฒนธรรม]

BibComment


ยังไม่เคยถูกคอมเมนท์

คอมเมนท์ทรัพยากรรายการนี้
  คอมเมนท์: มานุษยวิทยาสังคมแ..


 Copyright 2026. Bcnsprnw @Library